| 000 | 00734nam a22002057a 4500 | ||
|---|---|---|---|
| 005 | 20260127120852.0 | ||
| 010 | _aENG-103008 ENG-147669 | ||
| 020 |
_a9788190205405 _c150.00 |
||
| 035 | _aEN-86541 | ||
| 035 | _aEN-131201 | ||
| 037 | _bDBAD | ||
| 082 | _a617.706 | ||
| 100 |
_aAgarwal, R. S. _986853 |
||
| 245 |
_aPictorial better sight without glasses : _cby R.S.Agarwal ; edited by M.S.Agarwal ; foreworded by Lal Bhadur Shastri _bdefective vision----and meditation / |
||
| 260 |
_aJaipur _bPopular Book Depot _c2010,2023 |
||
| 270 |
_aG-15, S.S. Tower, Dhamani Street, Chaura Rasta _bJaipur _e302003 |
||
| 300 |
_a64p. : _c22cm (Hb) _bill. |
||
| 700 |
_929429 _aAgarwal, M.S. |
||
| 942 |
_2ddc _cEN _mAGA _h617.706 |
||
| 999 |
_c53820 _d53820 |
||